000 00998cam a22003251i 4500
001 200468091
003 TR-AnTOB
005 20260413170741.0
008 260413t19621929nyu 000 0beng d
010 _a 62021847
035 _a2639917
040 _aDLC
_beng
_erda
_cDLC
_dDLC
_dTR-AnTOB
041 0 _aeng
050 0 0 _aPS2386
_b.M86 1962
090 _aPS2386
_b.M86 1962 TıpFaK
100 _aMumford, Lewis,
_d1895-
_eauthor
_979049
245 1 0 _aHerman Melville :
_ba study of his life and vision /
_cLewis Mumford.
250 _aRevised edition
264 1 _aNew York :
_bHarcourt, Brace & World,
_c1962.
264 4 _c©1929, 1956, 1962
300 _a256 pages ;
_c22 cm
336 _atext
_btxt
_2rdacontent
337 _aunmediated
_bn
_2rdamedia
338 _avolume
_bnc
_2rdacarrier
600 1 0 _aMelville, Herman,
_d1819-1891.
_942465
650 0 _aNovelists, American
_y19th century
_vBiography
_9153113
942 _2lcc
_cBK
999 _c200468091
_d86303